| 000 | 00000nam##2200000za#4500 |
| 001 | 9.615156 |
| 003 | CaOODSP |
| 005 | 20200514165617 |
| 007 | ta |
| 008 | 150406|2000||||xxc||||| f|0| 0 eng|d |
| 020 | |a0-662-28891-2 |
| 040 | |aCaOODSP|beng |
| 043 | |an-cn--- |
| 086 | 1 |aNH18-22/99-103E |
| 110 | 2 |aCanada Mortgage and Housing Corporation. |
| 245 | 10|aQuality by design: a quality assurance protocol for wood-frame building envelopes in British Columbia |
| 260 | |aOttawa - Ontario : |bCanada Mortgage and Housing Corporation |c2000. |
| 300 | |a2p. ; |c28 cm. |
| 490 | 1 |aResearch highlight. Technical series |v99-103 |
| 563 | |aLoose-leaf |
| 590 | |a00-19|b2000-05-12 |
| 690 | 07|aConstruction materials|2gcpds |
| 776 | 0#|tQuality by design : |w(CaOODSP)9.572264 |
| 830 | #0|aResearch highlight. Technical series ;|v99-103|w(CaOODSP)9.514826 |
| 986 | |aNHA 2266 |